Gia đình trong tấm gương xã hội học Sách tham khảo cho đào tạo sau đại học ngành xã hội học

Wedi'i Gadw mewn:
Manylion Llyfryddiaeth
Prif Awdur: Mai, Quỳnh Nam
Fformat: Llyfr
Cyhoeddwyd: H. Khoa học xã hội 2004
Rhifyn:Tái bản lần thứ nhất
Tagiau: Ychwanegu Tag
Dim Tagiau, Byddwch y cyntaf i dagio'r cofnod hwn!
Thư viện lưu trữ: Trung tâm Học liệu Lê Vũ Hùng, Trường Đại học Đồng Tháp
LEADER 00685pam a22001818a 4500
001 00039452
005 20171026081025.0
008 170519s2004 ||||||Viesd
041 0 # |a Vie 
082 1 4 |a 306.8  |b GI100Đ 
100 1 # |a Mai, Quỳnh Nam 
245 1 0 |a Gia đình trong tấm gương xã hội học  |b Sách tham khảo cho đào tạo sau đại học ngành xã hội học  |c Mai Quỳnh Nam 
250 # # |a Tái bản lần thứ nhất 
260 # # |a H.  |b Khoa học xã hội  |c 2004 
300 # # |a 412 tr.  |b 21cm 
852 # # |b Kho đọc  |j KD.1001728 
910 |d 19/05/2017 
980 # # |a Trung tâm Học liệu Lê Vũ Hùng, Trường Đại học Đồng Tháp